<?xml version="1.0" encoding="UTF-8"?>
<record
    xmlns:xsi="http://www.w3.org/2001/XMLSchema-instance"
    xsi:schemaLocation="http://www.loc.gov/MARC21/slim http://www.loc.gov/standards/marcxml/schema/MARC21slim.xsd"
    xmlns="http://www.loc.gov/MARC21/slim">

  <leader>00435nam a2200169Ia 4500</leader>
  <controlfield tag="008">220805s9999    xx            000 0 und d</controlfield>
  <datafield tag="020" ind1=" " ind2=" ">
    <subfield code="a">978-84-92796-77-9</subfield>
  </datafield>
  <datafield tag="041" ind1=" " ind2=" ">
    <subfield code="a">eng</subfield>
  </datafield>
  <datafield tag="082" ind1=" " ind2=" ">
    <subfield code="a">721.044</subfield>
  </datafield>
  <datafield tag="100" ind1=" " ind2=" ">
    <subfield code="a">Kottas, Dimitris</subfield>
    <subfield code="9">88438</subfield>
  </datafield>
  <datafield tag="260" ind1=" " ind2=" ">
    <subfield code="a">Spain</subfield>
    <subfield code="b">Links</subfield>
  </datafield>
  <datafield tag="245" ind1=" " ind2=" ">
    <subfield code="a">Materials Innovation and Design</subfield>
  </datafield>
  <datafield tag="250" ind1=" " ind2=" ">
    <subfield code="a">14</subfield>
  </datafield>
  <datafield tag="300" ind1=" " ind2=" ">
    <subfield code="a">238</subfield>
  </datafield>
  <datafield tag="650" ind1=" " ind2=" ">
    <subfield code="a">Architecture design</subfield>
    <subfield code="9">88439</subfield>
  </datafield>
  <datafield tag="650" ind1=" " ind2=" ">
    <subfield code="a">Building material techique</subfield>
    <subfield code="9">88440</subfield>
  </datafield>
  <datafield tag="999" ind1=" " ind2=" ">
    <subfield code="c">48678</subfield>
    <subfield code="d">48678</subfield>
  </datafield>
  <datafield tag="952" ind1=" " ind2=" ">
    <subfield code="0">0</subfield>
    <subfield code="1">0</subfield>
    <subfield code="2">ddc</subfield>
    <subfield code="4">0</subfield>
    <subfield code="7">3</subfield>
    <subfield code="a">MNVT</subfield>
    <subfield code="b">MNVT</subfield>
    <subfield code="d">2022-08-09</subfield>
    <subfield code="e">purchase</subfield>
    <subfield code="g">2650.00</subfield>
    <subfield code="o">721.044/KOT/B1307</subfield>
    <subfield code="p">MNVT-BK-1307</subfield>
    <subfield code="r">2022-08-09 00:00:00</subfield>
    <subfield code="w">2022-08-09</subfield>
    <subfield code="y">BK</subfield>
    <subfield code="z">B1307</subfield>
  </datafield>
</record>
